000
00325nam a2200133Ia 4500
008
240624s9999 xx 000 0 und d
041
_a
eng
082
_a
006.312 WIL
100
_a
WILLIAMS GRAHAM
245
_a
DATA MINING WITH RATTLE AND R THE ART OF
260
_c
2011
_b
Springer
300
_a
374 : p.
365
_c
ERU
_b
30
999
_c
24424
_d
24424